English Speaking Countries - Statistics

General Stats
  • This quiz has been taken 277 times
    266 since last reset
  • The average score is 41 of 59
Answer Stats
Region Answer % Correct
Australia / Oceania Australia
95%
Europe United Kingdom
95%
North America USA
95%
Africa South Africa
92%
Caribbean Jamaica
91%
Oceania New Zealand
91%
North America Canada
90%
Europe Ireland
89%
Asia India
84%
Caribbean Bahamas
82%
Caribbean Barbados
81%
Africa Kenya
80%
Caribbean Trinidad and Tobago
78%
Africa Nigeria
77%
Caribbean Saint KItts and Nevis
76%
Central America / Caribbean Belize
75%
Africa Tanzania
73%
Africa Ghana
72%
Asia Singapore
72%
Oceania Fiji
71%
South America / Caribbean Guyana
71%
Caribbean Saint Vincent and the Grenadines
71%
Caribbean Antigua and Barbuda
70%
Africa Zambia
70%
Africa Zimbabwe
70%
Africa Namibia
69%
Oceania Tuvalu
69%
Caribbean Grenada
68%
Caribbean Saint Lucia
68%
Oceania Samoa
68%
Caribbean Dominica
67%
Africa Liberia
67%
Oceania Marshall Islands
67%
Oceania Nauru
67%
Africa Botswana
66%
Africa Lesotho
66%
Oceania Solomon islands
66%
Africa Uganda
66%
Oceania Palau
65%
Oceania Tonga
65%
Asia Pakistan
64%
Africa / Indian Ocean Seychelles
64%
Oceania Vanuatu
64%
Africa Gambia
63%
Africa Sudan
61%
Africa Rwanda
60%
Oceania Kiribati
59%
Oceania Micronesia
59%
Africa South Sudan
59%
Europe Malta
58%
Africa Malawi
57%
Africa Sierra Leone
57%
Africa / Indian Ocean Mauritius
56%
Africa Somalia
56%
Oceania Papua New Guinea
54%
Africa Cameroon
52%
Africa SWaziland
52%
Asia Philippines
51%
Africa Eritrea
47%
No matching quizzes found
Score Distribution
Percent of People with Each Score
Percentile by Number Answered
Your Score History
You have not taken this quiz since the last reset